000 00221 a2200097 4500
001 14023
100 _aRoberts M
245 _aThe Faber book of modern verse
260 _aLondon
_bFaber & Faber
_c
090 _c10980
_d10980
942 _aNUST-CAE
_cM
_c1092
999 _c249096
_d249096